Statistics for 1953 College Football AP Poll

Click here to take the quiz!

General Stats

  • This quiz has been taken 15 times
  • The average score is 166 of 221

Answer Stats

WeekRankTeamWLTConference% Correct
Week 6 (11/2)20Alabama313SEC
100%
Week 10 (11/30)13Alabama623SEC
100%
Preseason5Alabama00SEC
100%
Week 8 (11/16)11Alabama513SEC
100%
Week 2 (10/5)20Penn20Independent
100%
Week 9 (11/23)7Texas63Southwest
100%
Week 1 (9/28)17Texas11Southwest
100%
Week 6 (11/2)19Texas43Southwest
100%
Week 7 (11/9)10Texas53Southwest
100%
Week 8 (11/16)6Texas63Southwest
100%
Week 2 (10/5)15Texas21Southwest
100%
Week 10 (11/30)11Texas73Southwest
100%
Preseason11Texas00Southwest
100%
Week 1 (9/28)7USC20Pacific Coast
100%
Week 2 (10/5)7USC30Pacific Coast
100%
Week 3 (10/12)13USC301Pacific Coast
100%
Week 8 (11/16)9USC611Pacific Coast
100%
Week 9 (11/23)20USC621Pacific Coast
100%
Week 7 (11/9)12USC611Pacific Coast
100%
Preseason8USC00Pacific Coast
100%
Week 4 (10/19)11USC401Pacific Coast
100%
Week 5 (10/26)7USC501Pacific Coast
100%
Week 6 (11/2)17USC511Pacific Coast
100%
Week 10 (11/30)17Auburn721SEC
91%
Week 3 (10/12)19Auburn201SEC
91%
Week 6 (11/2)15Auburn411SEC
91%
Week 7 (11/9)20Auburn511SEC
91%
Week 8 (11/16)14Auburn611SEC
91%
Week 9 (11/23)16Auburn711SEC
91%
Preseason15Florida00SEC
91%
Week 1 (9/28)19LSU101SEC
91%
Week 4 (10/19)14LSU302SEC
91%
Week 2 (10/5)14LSU201SEC
91%
Week 10 (11/30)20Michigan63Big Ten
91%
Week 2 (10/5)5Michigan20Big Ten
91%
Week 3 (10/12)5Michigan30Big Ten
91%
Week 4 (10/19)5Michigan40Big Ten
91%
Week 1 (9/28)4Michigan10Big Ten
91%
Week 5 (10/26)16Michigan41Big Ten
91%
Week 6 (11/2)17Michigan51Big Ten
91%
Week 7 (11/9)1Notre Dame60Independent
91%
Week 5 (10/26)1Notre Dame40Independent
91%
Week 4 (10/19)1Notre Dame30Independent
91%
Week 8 (11/16)1Notre Dame70Independent
91%
Week 3 (10/12)1Notre Dame20Independent
91%
Week 6 (11/2)1Notre Dame50Independent
91%
Week 9 (11/23)2Notre Dame701Independent
91%
Week 10 (11/30)2Notre Dame801Independent
91%
Preseason1Notre Dame00Independent
91%
Week 1 (9/28)1Notre Dame10Independent
91%
Week 2 (10/5)1Notre Dame20Independent
91%
Week 1 (9/28)6Ohio State10Big Ten
91%
Week 6 (11/2)16Ohio State51Big Ten
91%
Week 2 (10/5)3Ohio State20Big Ten
91%
Week 3 (10/12)17Ohio State21Big Ten
91%
Preseason7Ohio State00Big Ten
91%
Week 1 (9/28)8Oklahoma01Big Seven
91%
Week 8 (11/16)4Oklahoma611Big Seven
91%
Preseason6Oklahoma00Big Seven
91%
Week 2 (10/5)16Oklahoma011Big Seven
91%
Week 3 (10/12)12Oklahoma111Big Seven
91%
Week 6 (11/2)8Oklahoma411Big Seven
91%
Week 7 (11/9)6Oklahoma511Big Seven
91%
Week 9 (11/23)4Oklahoma711Big Seven
91%
Week 5 (10/26)9Oklahoma311Big Seven
91%
Week 10 (11/30)4Oklahoma811Big Seven
91%
Week 4 (10/19)9Oklahoma211Big Seven
91%
Preseason17Tennessee00SEC
91%
Week 7 (11/9)18Tennessee421SEC
91%
Week 4 (10/19)16Duke41ACC
82%
Preseason10Duke00ACC
82%
Week 7 (11/9)14Duke611ACC
82%
Week 8 (11/16)15Duke611ACC
82%
Week 5 (10/26)13Duke51ACC
82%
Week 1 (9/28)12Duke20ACC
82%
Week 10 (11/30)18Duke721ACC
82%
Week 2 (10/5)8Duke30ACC
82%
Week 6 (11/2)10Duke61ACC
82%
Week 3 (10/12)7Duke40ACC
82%
Week 1 (9/28)18Georgia20SEC
82%
Week 5 (10/26)8Georgia Tech411SEC
82%
Week 6 (11/2)6Georgia Tech511SEC
82%
Week 9 (11/23)10Georgia Tech721SEC
82%
Week 10 (11/30)8Georgia Tech721SEC
82%
Week 7 (11/9)5Georgia Tech611SEC
82%
Week 3 (10/12)6Georgia Tech301SEC
82%
Week 4 (10/19)4Georgia Tech401SEC
82%
Week 1 (9/28)9Georgia Tech101SEC
82%
Preseason3Georgia Tech00SEC
82%
Week 8 (11/16)12Georgia Tech621SEC
82%
Week 2 (10/5)10Georgia Tech201SEC
82%
Week 8 (11/16)20Iowa53Big Ten
82%
Week 10 (11/30)9Iowa531Big Ten
82%
Week 9 (11/23)9Iowa531Big Ten
82%
Week 10 (11/30)1Maryland100ACC
82%
Week 5 (10/26)2Maryland60ACC
82%
Week 9 (11/23)1Maryland100ACC
82%
Preseason9Maryland00ACC
82%
Week 3 (10/12)3Maryland40ACC
82%
Week 6 (11/2)2Maryland70ACC
82%
Week 7 (11/9)2Maryland80ACC
82%
Week 8 (11/16)2Maryland90ACC
82%
Week 1 (9/28)3Maryland20ACC
82%
Week 4 (10/19)3Maryland50ACC
82%
Week 2 (10/5)4Maryland30ACC
82%
Week 4 (10/19)2Michigan State40Big Ten
82%
Week 8 (11/16)3Michigan State71Big Ten
82%
Week 10 (11/30)3Michigan State81Big Ten
82%
Week 5 (10/26)6Michigan State41Big Ten
82%
Week 6 (11/2)5Michigan State51Big Ten
82%
Week 7 (11/9)4Michigan State61Big Ten
82%
Preseason2Michigan State00Big Ten
82%
Week 3 (10/12)2Michigan State30Big Ten
82%
Week 9 (11/23)3Michigan State81Big Ten
82%
Week 1 (9/28)2Michigan State10Big Ten
82%
Week 2 (10/5)2Michigan State20Big Ten
82%
Week 6 (11/2)13Minnesota33Big Ten
82%
Week 5 (10/26)14Minnesota23Big Ten
82%
Week 7 (11/9)15Minnesota43Big Ten
82%
Preseason17Pittsburgh00Independent
82%
Week 2 (10/5)17Pittsburgh011Independent
82%
Week 4 (10/19)18Pittsburgh121Independent
82%
Week 3 (10/12)15Pittsburgh111Independent
82%
Week 4 (10/19)15Texas A&M401Southwest
82%
Week 9 (11/23)14Texas Tech91Border Conference
82%
Week 7 (11/9)19Texas Tech71Border Conference
82%
Week 10 (11/30)12Texas Tech101Border Conference
82%
Week 8 (11/16)17Texas Tech81Border Conference
82%
Week 8 (11/16)5UCLA71Pacific Coast
82%
Week 7 (11/9)7UCLA61Pacific Coast
82%
Week 1 (9/28)5UCLA20Pacific Coast
82%
Week 9 (11/23)5UCLA81Pacific Coast
82%
Week 10 (11/30)5UCLA81Pacific Coast
82%
Preseason4UCLA00Pacific Coast
82%
Week 5 (10/26)10UCLA51Pacific Coast
82%
Week 2 (10/5)6UCLA30Pacific Coast
82%
Week 4 (10/19)12UCLA41Pacific Coast
82%
Week 6 (11/2)9UCLA61Pacific Coast
82%
Week 3 (10/12)4UCLA40Pacific Coast
82%
Week 8 (11/16)8Wisconsin62Big Ten
82%
Week 10 (11/30)15Wisconsin621Big Ten
82%
Week 1 (9/28)16Wisconsin10Big Ten
82%
Week 9 (11/23)12Wisconsin621Big Ten
82%
Week 1 (9/28)10Baylor10Southwest
73%
Week 4 (10/19)6Baylor40Southwest
73%
Week 5 (10/26)3Baylor50Southwest
73%
Preseason20Baylor00Southwest
73%
Week 9 (11/23)17Baylor72Southwest
73%
Week 3 (10/12)8Baylor30Southwest
73%
Week 7 (11/9)9Baylor61Southwest
73%
Week 6 (11/2)3Baylor60Southwest
73%
Week 2 (10/5)9Baylor20Southwest
73%
Week 3 (10/12)16California31Pacific Coast
73%
Preseason14California00Pacific Coast
73%
Week 1 (9/28)11Mississippi State20SEC
73%
Week 3 (10/12)20Mississippi State301SEC
73%
Week 2 (10/5)13Mississippi State30SEC
73%
Week 7 (11/9)11Ole Miss71SEC
73%
Week 1 (9/28)15Ole Miss20SEC
73%
Week 6 (11/2)12Ole Miss61SEC
73%
Week 5 (10/26)18Ole Miss51SEC
73%
Week 8 (11/16)7Illinois611Big Ten
64%
Week 6 (11/2)4Illinois501Big Ten
64%
Week 4 (10/19)7Illinois301Big Ten
64%
Week 3 (10/12)9Illinois201Big Ten
64%
Week 7 (11/9)3Illinois601Big Ten
64%
Week 9 (11/23)6Illinois711Big Ten
64%
Week 10 (11/30)7Illinois711Big Ten
64%
Week 5 (10/26)4Illinois401Big Ten
64%
Week 2 (10/5)18Northwestern20Big Ten
64%
Week 9 (11/23)15South Carolina72ACC
64%
Week 8 (11/16)18South Carolina62ACC
64%
Week 9 (11/23)18Army611Independent
55%
Week 10 (11/30)14Army711Independent
55%
Week 5 (10/26)15Army41Independent
55%
Week 4 (10/19)10Navy301Independent
55%
Preseason13Navy00Independent
55%
Week 5 (10/26)20Navy311Independent
55%
Week 3 (10/12)14Navy201Independent
55%
Week 7 (11/9)13Kentucky521SEC
45%
Week 8 (11/16)13Kentucky621SEC
45%
Week 9 (11/23)13Kentucky721SEC
45%
Week 5 (10/26)19Kentucky321SEC
45%
Week 6 (11/2)14Kentucky421SEC
45%
Week 4 (10/19)16Kentucky221SEC
45%
Week 10 (11/30)16Kentucky721SEC
45%
Week 10 (11/30)6Rice82Southwest
45%
Week 5 (10/26)12Rice41Southwest
45%
Week 3 (10/12)11Rice30Southwest
45%
Week 2 (10/5)11Rice20Southwest
45%
Week 7 (11/9)16Rice52Southwest
45%
Preseason12Rice00Southwest
45%
Week 9 (11/23)8Rice72Southwest
45%
Week 8 (11/16)10Rice62Southwest
45%
Week 1 (9/28)14Rice10Southwest
45%
Week 5 (10/26)11SMU31Southwest
45%
Week 4 (10/19)13SMU21Southwest
45%
Week 4 (10/19)20Stanford32Pacific Coast
45%
Week 10 (11/30)19Stanford631Pacific Coast
45%
Week 5 (10/26)17Stanford42Pacific Coast
45%
Week 7 (11/9)16Stanford53Pacific Coast
45%
Week 6 (11/2)11Stanford52Pacific Coast
45%
Week 9 (11/23)19Stanford631Pacific Coast
45%
Week 8 (11/16)16Stanford63Pacific Coast
45%
Week 9 (11/23)11West Virginia81SoCon
45%
Week 6 (11/2)7West Virginia60SoCon
45%
Week 10 (11/30)10West Virginia81SoCon
45%
Week 2 (10/5)12West Virginia20SoCon
45%
Week 8 (11/16)19West Virginia71SoCon
45%
Preseason16West Virginia00SoCon
45%
Week 7 (11/9)8West Virginia70SoCon
45%
Week 1 (9/28)13West Virginia10SoCon
45%
Week 4 (10/19)8West Virginia40SoCon
45%
Week 3 (10/12)10West Virginia30SoCon
45%
Week 5 (10/26)5West Virginia50SoCon
45%
Preseason19Princeton00Independent
36%
Week 2 (10/5)19Holy Cross20Independent
9%
Week 1 (9/28)20Holy Cross10Independent
9%
Week 2 (10/5)20Mississippi Southern30Independent
9%
Week 3 (10/12)17Mississippi Southern40Independent
9%
Week 4 (10/19)19Mississippi Southern50Independent
9%

Score Distribution

Percentile by Number Answered

Percent of People with Each Score

Your Score History

You have not taken this quiz